00954 2200217 4500001002100000005001500021008004100036035002000077082000800097084001400105100002200119245004900141250000600190260003600196300001200232520044600244650001000690990001200700990001200712990001200724INLIS00000000000048420240612073724240612 1 ind  a0010-0424000460 a813 a813 ACH d aMihardja, Achdiat1 aDebu Cinta Bertebaran /cAchdiat K. Mihardja a1 aJakarta :bBalai Pustaka,c2011 a394 hlm aMengapa baru ketika sesuatu hilang untuk selamanya, kita merasakan betapa besar artinya bagi kita? Mengapa sesuatu yang ditutup-tutupi - entah dalam sejarah sebuah bangsa atau dalam keluarga sendiri - bisa berdampak begitu besar? Mengapa saya tidak bisa membuang apa pun? dan mengapa hewan yang telah punah, lukisan yang dirusak, dan buku yang dibakar terasa jauh lebih menarik dan lebih memesona dibandingkan seluruh sisanya yang masih ada? 4aFiksi a0728551 a0728552 a0728553